[Event "XVI Cto Aragón Veteranos 2017 Grupo B"]
[Site ""]
[Date "2017.05.20"]
[Round "5"]
[White "Burillo Lazaro Amelia"]
[Black "Beltran Langarita Alfredo"]
[Result "1-0"]
[WhiteElo "1387"]
[BlackElo "1697"]

1.Nf3 d5 2.d4 Nf6 3.e3 Bf5 4.c4 e6 5.Qb3 b6 6.Nc3 c6 7.Be2 h6 8.O-O Bd6 9.Ne5
Qc7 10.f4 O-O 11.Bd2 Nbd7 12.Rac1 Ne4 13.Nxe4 Bxe4 14.Bd3 Bxd3 15.Qxd3 c5 16.
cxd5 exd5 17.b3 Nf6 18.Bb4 Rfd8 19.Qe2 Rac8 20.Ba3 Qe7 21.Bb2 Qe8 22.h3 Ne4
23.Rfd1 f6 24.Ng4 Ng3 25.Qf3 Ne4 26.Nf2 f5 27.Nxe4 fxe4 28.Qg4 Qf7 29.Rf1 b5
30.f5 c4 31.bxc4 Rxc4 32.f6 g6 33.Rf5 Kh7 34.Rf2 a6 35.Rcf1 a5 36.h4 h5 37.Qg5
a4 38.Bc1 Bb8 39.g4 hxg4 40.Qxg4 Rc3 41.h5 g5 42.Rg2 Rg8 43.h6 Rg6 44.Qf5 Kxh6
45.Qh3# 1-0

[Event "XVI Cto Aragón Veteranos 2017 Grupo B"]
[Site ""]
[Date "2017.05.27"]
[Round "6"]
[White "Sarto Ramos Angel"]
[Black "Hernandez Delgado Gabriel"]
[Result "1/2-1/2"]
[WhiteElo "1869"]
[BlackElo "1874"]

1.d4 e6 2.c4 f5 3.Nc3 Nf6 4.g3 c6 5.Bg2 d5 6.b3 Bd6 7.Nf3 O-O 8.O-O Nbd7 9.a4
Qe8 10.Ba3 Bxa3 11.Rxa3 1/2-1/2

[Event "XVI Cto Aragón Veteranos 2017 Grupo B"]
[Site ""]
[Date "2017.05.27"]
[Round "6"]
[White "Marin Fuertes Angel Maria"]
[Black "Orti Stock Carlos"]
[Result "0-1"]
[WhiteElo "1747"]
[BlackElo "1898"]

1.e4 e5 2.Bc4 Bc5 3.Nc3 Nf6 4.d3 d6 5.f4 Nc6 6.f5 h6 7.Na4 Bb6 8.Nxb6 axb6 9.
Ne2 Na5 10.Ng3 Bd7 11.O-O b5 12.Bb3 Nxb3 13.cxb3 Qe7 14.Be3 Bc6 15.Nh5 O-O-O
16.Nxf6 gxf6 17.Qd2 d5 18.exd5 Rxd5 19.Qc2 Rhd8 20.Rad1 h5 21.Rd2 Qd7 22.d4
exd4 23.Bh6 d3 24.Qc1 Rxf5 25.Rxf5 Qxf5 26.Rf2 Qg6 27.Bd2 Rg8 28.g3 Qe4 0-1

[Event "XVI Cto Aragón Veteranos 2017 Grupo B"]
[Site ""]
[Date "2017.05.27"]
[Round "6"]
[White "Garcia Artal Obdulio"]
[Black "Edeso Perez Francisco"]
[Result "0-1"]
[WhiteElo "1646"]
[BlackElo "1808"]

1.e4 c5 2.d3 d6 3.Nd2 Nf6 4.g3 Nc6 5.Bg2 e6 6.Ngf3 Be7 7.O-O O-O 8.Re1 Qc7 9.
Nf1 Bd7 10.h4 b5 11.c3 Rac8 12.Ne3 a5 13.a3 Qb6 14.Bd2 c4 15.dxc4 Nxe4 16.cxb5
Nxd2 17.Qxd2 Qxb5 18.Rab1 Qc5 19.b4 axb4 20.axb4 Qb5 21.c4 Qb8 22.b5 Na7 23.
Rec1 Rc5 24.Qa5 Rfc8 25.Nd4 Bd8 26.Qa6 Qb6 27.Qa2 Nxb5 28.Nb3 Nc7 29.Nxc5 Qxc5
30.Rb7 d5 31.Rcb1 d4 32.Nf1 e5 33.Rb8 Ne6 34.Rxc8 Qxc8 35.Bd5 Nc5 36.Qa7 Ne6
37.Bxe6 fxe6 38.Rb7 Be8 39.Rxg7+ Kf8 40.Rxh7 Bf6 41.Nd2 Qc6 42.g4 e4 43.g5 Be5
44.h5 e3 45.fxe3 dxe3 46.Qxe3 Qd6 47.g6 Bd4 48.Rh8+ 0-1

[Event "XVI Cto Aragón Veteranos 2017 Grupo B"]
[Site ""]
[Date "2017.05.27"]
[Round "6"]
[White "Cortes Sobrevilla Cecilio"]
[Black "Arteaga Jimenez Francisco"]
[Result "1-0"]
[WhiteElo "1570"]
[BlackElo "1661"]

1.d4 Nf6 2.Nf3 g6 3.b3 Bg7 4.Bb2 d6 5.e3 O-O 6.Bd3 c6 7.O-O Nbd7 8.Nbd2 Qc7 9.
e4 e5 10.c4 Re8 11.Qc2 exd4 12.Bxd4 Ne5 13.Nxe5 dxe5 14.Be3 Ng4 15.Bg5 f6 16.
Bh4 c5 17.Rae1 Be6 18.Nb1 Rad8 19.Nc3 g5 20.Bg3 h5 21.h4 Rd4 22.Nd5 Bxd5 23.
cxd5 b6 24.Bc4 Kh7 25.f3 Nh6 26.Bf2 Nf7 27.Bxd4 cxd4 28.Qe2 Kh6 29.g3 Nd6 30.
Rc1 Qd7 31.Kf2 b5 32.Bd3 Rc8 33.Rh1 Rc3 34.hxg5+ fxg5 35.Rxc3 dxc3 36.a3 a5
37.b4 axb4 38.axb4 Qc8 39.Rc1 Qa6 40.Qf1 Qc8 41.Bxb5 Qb7 42.Bd3 Qxb4 43.Qe2
Bf6 44.Ra1 Kg6 45.Rb1 Qa3 46.Kg1 Bd8 47.f4 Nf7 48.Qc2 Ba5 49.Qf2 Kg7 50.fxg5
Nxg5 51.Rb7+ 1-0

[Event "XVI Cto Aragón Veteranos 2017 Grupo B"]
[Site ""]
[Date "2017.05.27"]
[Round "6"]
[White "Pellicer Sancho Rafael"]
[Black "Perez Sirera Jose Maria"]
[Result "1-0"]
[WhiteElo "1705"]
[BlackElo "1483"]

1.d4 e6 2.e4 d5 3.e5 c5 4.c3 Nc6 5.Nf3 Bd7 6.Bd3 cxd4 7.cxd4 Nb4 8.Be2 a6 9.
Nc3 Ne7 10.a3 Nbc6 11.Bg5 Qb6 12.Na4 Qa7 13.Nc5 b6 14.Nxa6 Nf5 15.g4 h6 16.
gxf5 hxg5 17.fxe6 fxe6 18.Nxg5 Be7 19.Nc7+ Qxc7 20.Bh5+ Rxh5 21.Qxh5+ Kd8 22.
Rc1 Qa7 23.Nf3 Kc7 24.O-O Rg8 25.Qf7 Qa8 26.Qxe7 Re8 27.Qg5 Kb7 28.Rc3 Rg8 29.
Rfc1 Qe8 30.b4 b5 31.a4 bxa4 32.Rb1 Na7 33.Rc5 Nb5 34.Ra1 Nc7 35.Ne1 Bb5 36.
Nc2 Bc4 37.Na3 Bb3 38.Rac1 Na6 39.Rb5+ Ka7 40.Qg4 g5 41.Ra5 Kb7 42.Nb5 Qg6 43.
Nd6+ Kb6 44.Rb5+ Ka7 45.Nc8+ Ka8 46.Ne7 1-0

[Event "XVI Cto Aragón Veteranos 2017 Grupo B"]
[Site ""]
[Date "2017.05.27"]
[Round "6"]
[White "Serra Casas Jaime"]
[Black "Ruiz Gutierrez Jose Manuel"]
[Result "0-1"]
[WhiteElo "1465"]
[BlackElo "1698"]

1.e4 c5 2.Nf3 Nc6 3.d4 cxd4 4.Nxd4 Nf6 5.Nxc6 bxc6 6.Bd3 g6 7.Bd2 Bg7 8.Bc3
O-O 9.h3 Qc7 10.Nd2 d5 11.exd5 cxd5 12.Nf3 Re8 13.Be5 Qb6 14.Rb1 Bb7 15.O-O a5
16.c3 Rad8 17.Qc2 Nd7 18.Bxg7 Kxg7 19.b4 e5 20.bxa5 Qc7 21.a6 Bc6 22.Bb5 Bxb5
23.Rxb5 Qc6 24.a4 Nb6 25.Rfb1 Nc4 26.Qa2 Qxa6 27.Nd2 Nxd2 28.Qxd2 Qxa4 29.Rxd5
Rxd5 30.Qxd5 Qc2 31.Rb7 Qc1+ 32.Kh2 Qf4+ 33.Kg1 h5 34.g3 Qf6 35.Qe4 Rd8 36.Rb2
Qd6 37.Rb7 Qd5 38.Qxd5 Rxd5 39.c4 Rd4 40.c5 Rc4 41.Rb5 Kf6 42.Kf1 Ke6 43.Ke2
f5 44.Rb6+ Kf7 45.c6 f4 46.gxf4 exf4 47.Kd3 Rc1 48.Rb7+ Kf6 49.c7 Kg5 50.Kd2
Rc6 51.Kd3 Kh4 52.Kd4 g5 53.Ra7 f3 54.Kd5 Rc2 55.Ra4+ g4 56.Rc4 Rxf2 57.hxg4
Rd2+ 58.Ke4 f2 59.c8=Q f1=Q 60.gxh5 Qe1+ 61.Kf5+ Kh3 62.Kf4+ Kh2 63.Kg5 Qe5+
64.Qf5 Rg2+ 65.Rg4 Rxg4+ 66.Kxg4 Qg3# 0-1

[Event "XVI Cto Aragón Veteranos 2017 Grupo B"]
[Site ""]
[Date "2017.05.27"]
[Round "6"]
[White "Lorente Latorre Antonio"]
[Black "Gutierrez Lizarraga Manuel"]
[Result "1-0"]
[WhiteElo "1609"]
[BlackElo "1339"]

1.e4 c5 2.d4 cxd4 3.c3 d6 4.cxd4 e6 5.Nf3 a6 6.Bc4 b5 7.Bb3 Bb7 8.d5 e5 9.O-O
Be7 10.a4 b4 11.a5 Nd7 12.Qe1 Rb8 13.Bd2 Nc5 14.Ba4+ Kf8 15.Bxb4 Nd3 16.Qc3
Nxb4 17.Qxb4 Bxd5 18.Qe1 Ba8 19.Qe2 Qxa5 20.Nc3 Bb7 21.Rfb1 Nf6 22.b4 Qb6 23.
Bc2 g6 24.Na4 Qd8 25.Rd1 Kg7 26.Nxe5 Qc7 27.Nc4 Bc6 28.Rdb1 Bb5 29.Bd3 Rhc8
30.Nab2 Bxc4 31.Nxc4 d5 32.exd5 Nxd5 33.Qe5+ Qxe5 34.Nxe5 Bf6 35.Nd7 Rxb4 36.
Nxf6 Kxf6 37.g3 Rxb1+ 38.Rxb1 a5 39.Rb5 Nb4 40.Be4 Rc1+ 41.Kg2 Ra1 42.h4 h5
43.Kh3 Ra4 44.f4 Na2 45.Bc2 Ra3 46.Bb3 a4 47.Rb6+ Kg7 48.Bc4 Rc3 49.Bxa2 Rc7
50.Ra6 1-0

[Event "XVI Cto Aragón Veteranos 2017 Grupo B"]
[Site ""]
[Date "2017.05.27"]
[Round "6"]
[White "Ferruz Martinez Rafael"]
[Black "Otal Bornau Jose Miguel"]
[Result "1-0"]
[WhiteElo "1301"]
[BlackElo "1493"]

1.e4 c5 2.Nc3 Nc6 3.Nge2 g6 4.g3 Bg7 5.d3 d6 6.Bg2 Rb8 7.a4 a5 8.Bd2 b6 9.O-O
Bg4 10.h3 Bd7 11.f4 Nd4 12.Be3 Qc8 13.e5 Bxh3 14.Nxd4 cxd4 15.Bxd4 Bxg2 16.
Kxg2 h5 17.Rh1 Qc6+ 18.Qf3 Qxf3+ 19.Kxf3 Nh6 20.Nb5 Nf5 21.Bc3 d5 22.Nc7+ Kd7
23.Nxd5 Ke6 24.Ne3 Rbd8 25.Nxf5 Kxf5 26.d4 Rd5 27.b4 axb4 28.Bxb4 Rxd4 29.Bxe7
Rc8 30.Rhe1 Rxc2 31.Ra3 Rc7 32.Bd6 Rcc4 33.a5 Bh6 34.axb6 Bxf4 35.b7 Bxg3 36.
Kxg3 Rg4+ 37.Kf2 Rc2+ 38.Re2 Rcc4 39.b8=Q Rh4 40.Rf3+ Kg4 41.e6 f5 42.Rg3# 1-0

[Event "XVI Cto Aragón Veteranos 2017 Grupo B"]
[Site ""]
[Date "2017.05.27"]
[Round "6"]
[White "Lasierra Arceiz Javier"]
[Black "Cervera Soler Ramon"]
[Result "1-0"]
[WhiteElo "1500"]
[BlackElo "1445"]

1.d4 d5 2.Bf4 e6 3.a3 c5 4.e3 Nf6 5.h3 b6 6.Nc3 Ba6 7.Bxa6 Nxa6 8.Nb5 Nc7 9.
Nxc7+ Ke7 10.Nxa8 Qxa8 11.Ne2 h6 12.O-O g5 13.Be5 Bg7 14.c3 Rc8 15.Ng3 Bh8 16.
f4 Nd7 17.Bxh8 Rxh8 18.Qf3 f5 19.b3 Nf6 20.c4 g4 21.hxg4 Nxg4 22.cxd5 exd5 23.
Nxf5+ 1-0

[Event "XVI Cto Aragón Veteranos 2017 Grupo B"]
[Site ""]
[Date "2017.05.27"]
[Round "6"]
[White "Lopez Carcas Jesus"]
[Black "Burillo Lazaro Amelia"]
[Result "1-0"]
[WhiteElo "1370"]
[BlackElo "1387"]

1.e4 g6 2.f4 Bg7 3.d4 d6 4.Nf3 Nd7 5.Bc4 Nh6 6.h3 c6 7.c3 b5 8.Bd3 e5 9.O-O
O-O 10.a4 Qb6 11.a5 Qc7 12.b4 a6 13.Be3 f5 14.Ng5 Nf6 15.Qb3+ Kh8 16.fxe5 dxe5
17.Nd2 f4 18.Bf2 Nh5 19.Ndf3 Ng3 20.Rfc1 Nf7 21.d5 Nxg5 22.Nxg5 Bh6 23.Bb6 Qb7
24.Nf3 Qf7 25.Nxe5 Qb7 26.dxc6 Qb8 27.Nf7+ Rxf7 28.Qxf7 Qd6 29.Bd4+ Qxd4+ 30.
cxd4 Bg7 31.Qe8+ 1-0

[Event "XVI Cto Aragón Veteranos 2017 Grupo B"]
[Site ""]
[Date "2017.05.27"]
[Round "6"]
[White "Beltran Langarita Alfredo"]
[Black "Codina Escudero Juan"]
[Result "0-1"]
[WhiteElo "1697"]
[BlackElo "1347"]

1.d4 e6 2.Nf3 d5 3.c3 c5 4.Bf4 Bd6 5.Bxd6 Qxd6 6.Nbd2 Nf6 7.e3 h6 8.Be2 a6 9.
O-O Nc6 10.Qc2 Bd7 11.Nb3 cxd4 12.exd4 Rc8 13.Nc5 Qc7 14.Qd3 Na5 15.Ne5 Bb5
16.Qd1 Bxe2 17.Qxe2 Nc6 18.f4 O-O 19.Nxc6 bxc6 20.Nxa6 Qb6 21.Nc5 Rb8 22.b4
Qd8 23.a4 Nd7 24.Nxe6 fxe6 25.Qxe6+ Kh8 26.Qxc6 Nf6 27.Ra3 Rc8 28.Qe6 Ne4 29.
Rf3 Rf6 30.Qg4 Rfc6 31.a5 Nxc3 32.Re3 Nb5 33.Ra1 Qe8 34.Qf3 Rc1+ 35.Rxc1 Rxc1+
36.Kf2 Qc6 37.Re2 Qc4 38.Kg3 Rc3 0-1

[Event "XVI Cto Aragón Veteranos 2017 Grupo B"]
[Site ""]
[Date "2017.06.03"]
[Round "7"]
[White "Edeso Perez Francisco"]
[Black "Sarto Ramos Angel"]
[Result "1-0"]
[WhiteElo "1808"]
[BlackElo "1869"]

1.d4 d6 2.c4 c5 3.e3 Nf6 4.Nc3 b6 5.Bd3 Bb7 6.Nf3 g6 7.O-O Bg7 8.Bd2 O-O 9.Rb1
cxd4 10.exd4 d5 11.Be3 dxc4 12.Bxc4 Nd5 13.Rc1 e6 14.Re1 Na6 15.Nxd5 exd5 16.
Bb5 Nc7 17.Ba4 Ne6 18.Qd3 Qd6 19.g3 Rac8 20.a3 Rxc1 21.Rxc1 Rc8 22.Rxc8+ Bxc8
23.Qb5 Nc7 24.Qd3 Ba6 25.Qd2 Ne6 26.Ne1 Qc7 27.Bb3 Bc4 28.Bd1 Ba6 29.Bb3 Qc6
30.Nc2 Qb5 31.h4 Qxb3 32.Nb4 Bb7 33.Qc3 Qxc3 34.bxc3 a5 35.Nd3 Ba6 36.Nb2 b5
37.f3 Bf8 38.a4 Ba3 39.axb5 Bxb5 40.Bc1 Bxb2 41.Bxb2 Nd8 42.Kf2 Nc6 43.Ke3 a4
44.Kd2 Na5 45.Kc2 1-0

[Event "XVI Cto Aragón Veteranos 2017 Grupo B"]
[Site ""]
[Date "2017.06.03"]
[Round "7"]
[White "Hernandez Delgado Gabriel"]
[Black "Brosa Soto Jesus"]
[Result "0-1"]
[WhiteElo "1874"]
[BlackElo "1967"]

1.Nf3 Nf6 2.g3 d5 3.c4 c6 4.b3 Bg4 5.Bg2 e6 6.Bb2 Nbd7 7.O-O Bd6 8.d4 Qc7 9.
Nc3 h6 10.cxd5 exd5 11.Rc1 a6 12.Qd3 O-O 13.Nh4 Nb6 14.h3 Bd7 15.Nf5 Rfe8 16.
Nxd6 Qxd6 17.Rc2 Qe6 18.e3 Nc8 19.Ba3 Nd6 20.Bxd6 Qxd6 21.b4 g6 22.Rb2 Bf5 23.
Qd2 h5 24.h4 Re7 25.a4 Rae8 26.Re1 Ng4 27.Nd1 Bd7 28.Qe2 Nh6 29.Qf1 Nf5 30.
Ree2 Qf6 31.Red2 g5 32.hxg5 Qxg5 33.Bh3 Nd6 34.f4 Bxh3 35.Qxh3 Qg4 36.Qxg4+
hxg4 37.Rd3 Nf5 38.Kf2 Re4 39.b5 axb5 40.axb5 Ra8 41.bxc6 bxc6 42.Rc3 Re6 43.
Rd2 Nd6 44.Rdc2 Ne4+ 45.Kg2 Nxc3 46.Rxc3 Ra2+ 47.Kf1 Rd2 48.Ke1 Rxd4 0-1

[Event "XVI Cto Aragón Veteranos 2017 Grupo B"]
[Site ""]
[Date "2017.06.03"]
[Round "7"]
[White "Orti Stock Carlos"]
[Black "Gonzalez Felez Jose Julian"]
[Result "0-1"]
[WhiteElo "1898"]
[BlackElo "2009"]

1.b3 d5 2.Bb2 Bg4 3.h3 Bh5 4.g4 Bg6 5.Bg2 e6 6.d3 Nf6 7.Nf3 Nbd7 8.Nbd2 c6 9.
c4 Bd6 10.cxd5 exd5 11.O-O Qc7 12.e4 dxe4 13.Re1 O-O-O 14.dxe4 Bf4 15.Qe2 Rhe8
16.e5 Nxe5 17.Bxe5 Rxe5 18.Nxe5 Rxd2 19.Qc4 Bxe5 20.Qc5 Bd4 21.Qf8+ Qd8 22.
Qxd8+ Kxd8 23.Rad1 Bxf2+ 0-1

[Event "XVI Cto Aragón Veteranos 2017 Grupo B"]
[Site ""]
[Date "2017.06.03"]
[Round "7"]
[White "Martinez Crespo Juan"]
[Black "Marin Fuertes Angel Maria"]
[Result "1-0"]
[WhiteElo "1707"]
[BlackElo "1747"]

1.e4 d5 2.exd5 Nf6 3.d4 Nxd5 4.Nf3 Bg4 5.Be2 e6 6.O-O Be7 7.c4 Nf6 8.Nc3 O-O
9.h3 Bh5 10.Be3 Nbd7 11.Qd2 c6 12.Rfd1 Qc7 13.Rac1 Bb4 14.Bf4 Bd6 15.Bxd6 Qxd6
16.Qe3 Rfe8 17.Ne5 Bxe2 18.Qxe2 Qe7 19.Rd3 Rad8 20.Rcd1 Nxe5 21.dxe5 Rxd3 22.
Qxd3 Nh5 23.Qd7 g6 24.Ne4 Qxd7 25.Rxd7 Rb8 26.Nd6 b5 27.Rxa7 bxc4 28.Nxc4 Rb5
29.Ra5 Rb7 30.Rc5 Rc7 31.Na5 Nf4 32.Rxc6 Ra7 33.b4 Nd3 34.a3 Nxe5 35.Rc3 Kg7
36.f4 Nd7 37.Kf2 Nb6 38.Ke2 Nd5 39.Rc5 Nxf4+ 40.Kf3 Nd3 41.Rc3 Ne5+ 42.Ke4 Nd7
43.Nc6 Rc7 44.Kd3 Nb6 45.Ne5 Rb7 46.Kc2 f6 47.Nd3 e5 48.Rc6 Nd5 49.Nc5 Ra7 50.
Kb3 Kf7 51.b5 Rc7 52.Rxc7+ Nxc7 53.b6 Nd5 54.b7 1-0

[Event "XVI Cto Aragón Veteranos 2017 Grupo B"]
[Site ""]
[Date "2017.06.03"]
[Round "7"]
[White "Ferruz Martinez Rafael"]
[Black "Pellicer Sancho Rafael Jose"]
[Result "0-1"]
[WhiteElo "1301"]
[BlackElo "1705"]

1.e4 c5 2.Nc3 Nc6 3.Nge2 g6 4.d4 cxd4 5.Nxd4 Bg7 6.Nxc6 bxc6 7.Bd2 Qc7 8.Bd3
Nf6 9.h3 O-O 10.O-O d5 11.Rb1 d4 12.Ne2 e5 13.Ng3 Bb7 14.f4 Nd7 15.f5 c5 16.c3
c4 17.Bc2 d3 18.Ba4 Nf6 19.Re1 Bc6 20.Bxc6 Qxc6 21.b4 a6 22.h4 h5 23.Qf3 Ng4
24.Nf1 Bh6 25.Bxh6 Nxh6 26.Ne3 Rad8 27.Nd5 Nxf5 28.g4 hxg4 29.Qxg4 Rxd5 30.
exd5 Qxd5 31.Re4 Nh6 32.Qg2 Kh7 33.Rg4 Qxg2+ 34.Rxg2 e4 35.Kf2 Nf5 36.Re1 e3+
37.Rxe3 d2 38.Rg1 Nxe3 39.Kxe3 Rd8 40.Ke2 Rd3 41.Rd1 Rxc3 42.Rxd2 Rh3 43.Rd4
Rh2+ 44.Kd1 Rxa2 45.Rxc4 a5 46.bxa5 Rxa5 47.Ke2 Rf5 48.Ke3 Kh6 49.Rf4 Rxf4 50.
Kxf4 Kh5 51.Kg3 f5 52.Kg2 Kxh4 53.Kf3 g5 0-1

[Event "XVI Cto Aragón Veteranos 2017 Grupo B"]
[Site ""]
[Date "2017.06.03"]
[Round "7"]
[White "Ruiz Gutierrez Jose Manuel"]
[Black "Navarro Rubio Rafael"]
[Result "1-0"]
[WhiteElo "1698"]
[BlackElo "1651"]

1.c4 c5 2.g3 Nf6 3.Bg2 e6 4.Nf3 d5 5.O-O Be7 6.d4 O-O 7.cxd5 Nxd5 8.e4 Nf6 9.
e5 Nd5 10.Nc3 cxd4 11.Nxd4 Nxc3 12.bxc3 Qa5 13.Qb3 Qc7 14.Rb1 Nc6 15.f4 Bc5
16.Be3 Rd8 17.Rfd1 Bb6 18.Kf1 Na5 19.Nb5 Nxb3 20.Nxc7 Rxd1+ 21.Rxd1 Bxc7 22.
axb3 Kf8 23.Ke2 Ke8 24.Be4 Bd7 25.Ra1 Bb5+ 26.c4 Ba6 27.Rxa6 1-0

[Event "XVI Cto Aragón Veteranos 2017 Grupo B"]
[Site ""]
[Date "2017.06.03"]
[Round "7"]
[White "Arteaga Jimenez Francisco"]
[Black "Garcia Artal Obdulio"]
[Result "0-1"]
[WhiteElo "1661"]
[BlackElo "1646"]

1.d4 d5 2.c4 c6 3.e3 Nf6 4.Nc3 a6 5.a4 g6 6.cxd5 cxd5 7.Bd3 Bg7 8.Nf3 Bg4 9.h3
Bxf3 10.Qxf3 e6 11.O-O O-O 12.Rb1 Nbd7 13.b4 Rc8 14.Bd2 Nb6 15.Rfc1 Nc4 16.
Bxc4 Rxc4 17.b5 a5 18.b6 Rb4 19.Rxb4 axb4 20.Nb5 Qxb6 21.Bxb4 Ra8 22.Bc5 Qa5
23.Nc3 b6 24.Ba3 Rc8 25.Bb2 Ne4 26.Nd1 Rxc1 27.Bxc1 Qxa4 28.Qe2 b5 29.f3 Ng3
30.Qd3 Qc4 31.Qxc4 dxc4 32.Kf2 Nf5 33.Ba3 Bf8 34.Bxf8 Kxf8 35.g4 Nd6 36.Ke2
Ke7 37.Kd2 b4 38.Kc2 Nb5 39.Nb2 Na3+ 40.Kc1 Kd6 41.e4 b3 42.Kd2 Kc6 43.Kc3 Kb5
0-1

[Event "XVI Cto Aragón Veteranos 2017 Grupo B"]
[Site ""]
[Date "2017.06.03"]
[Round "7"]
[White "Perez Sirera Jose Maria"]
[Black "Lorente Latorre Antonio"]
[Result "0-1"]
[WhiteElo "1483"]
[BlackElo "1609"]

1.d4 Nf6 2.Nf3 g6 3.e3 Bg7 4.Bd3 O-O 5.O-O d6 6.b3 Nc6 7.Bb2 Nb4 8.Be2 Bf5 9.
Bd3 Nxd3 10.cxd3 Bg4 11.Nbd2 Nd5 12.a3 c5 13.h3 Bd7 14.Rc1 cxd4 15.Bxd4 e5 16.
Ba1 Qe7 17.Nc4 b6 18.Qe2 a5 19.Nfd2 b5 20.Nb2 f5 21.Rfe1 Rac8 22.Nf1 Qg5 23.
Ng3 h5 24.Qf3 Nf6 25.Qe2 h4 26.Nf1 f4 27.f3 Bxh3 28.e4 Be6 29.Qd2 Nh5 30.Nd1
Ng3 31.Nf2 Nxf1 32.Kxf1 Qg3 33.Nh1 Qh2 34.Nf2 h3 35.gxh3 Bxh3+ 36.Ke2 Bg2 37.
Bc3 Qg3 38.Kd1 Qxf3+ 39.Qe2 Qg3 40.Kd2 Bh6 41.Kc2 b4 0-1

[Event "XVI Cto Aragón Veteranos 2017 Grupo B"]
[Site ""]
[Date "2017.06.03"]
[Round "7"]
[White "Codina Escudero Juan"]
[Black "Serra Casas Jaime"]
[Result "0-1"]
[WhiteElo "1347"]
[BlackElo "1465"]

1.d4 d5 2.c4 e6 3.a3 c5 4.cxd5 exd5 5.dxc5 Bxc5 6.e3 Nf6 7.b4 Bb6 8.h3 O-O 9.
Bd3 Nc6 10.Nf3 Re8 11.O-O Bc7 12.Bb2 Ne5 13.Nc3 Nxd3 14.Qxd3 h6 15.Rac1 Be6
16.Nb5 Bb6 17.Bxf6 Qxf6 18.Qc3 Qg6 19.Kh1 Rac8 20.Qe5 Rc2 21.Rxc2 Qxc2 22.Qc3
Qg6 23.Nfd4 Bd7 24.Qd2 a6 25.Nc3 Bc6 26.b5 axb5 27.Ncxb5 Bd7 28.f4 Rc8 29.Nc3
Ba5 30.Rc1 b5 31.Qb2 Qd3 32.Nxd5 Rxc1+ 33.Qxc1 Bd2 34.Qd1 Be6 35.Nxe6 fxe6 36.
Nc7 Qxe3 37.Nxe6 Ba5 38.f5 Bb6 39.Qa1 Qg3 40.Nd4 Qf4 41.Nxb5 Qxf5 42.Nd6 Qf4
43.Qa2+ Kh7 44.Qe6 Qf1+ 45.Kh2 Bg1+ 46.Kh1 Bf2+ 0-1

[Event "XVI Cto Aragón Veteranos 2017 Grupo B"]
[Site ""]
[Date "2017.06.03"]
[Round "7"]
[White "Cervera Soler Ramon"]
[Black "Lopez Carcas Jesus"]
[Result "0-1"]
[WhiteElo "1445"]
[BlackElo "1370"]

1.d4 d5 2.c4 c6 3.Bf4 Nf6 4.Nc3 a6 5.a4 Qb6 6.Qd2 dxc4 7.e4 e6 8.Bxc4 Bb4 9.
Nge2 Nxe4 10.Qd3 Nf6 11.O-O O-O 12.a5 Qd8 13.Bg5 Nbd7 14.Ne4 Be7 15.Bb3 h6 16.
Bh4 Nxe4 17.Bxe7 Qxe7 18.Qxe4 Nf6 19.Qf3 Nd5 20.Nf4 Qf6 21.Bxd5 cxd5 22.Qe3
Bd7 23.Rfc1 Rac8 24.Nd3 Qe7 25.Nc5 Bb5 26.Ra3 Rc6 27.Rac3 Rfc8 28.f4 f5 29.Re1
Re8 30.Qh3 Qf7 31.Rg3 Kh7 32.Re5 Rec8 33.Rge3 Qf6 34.Rc3 R8c7 35.Qe3 Re7 36.
Kf2 g5 37.g4 fxg4 38.f5 Rf7 39.Kg3 exf5 40.Qd2 Rd6 41.Rc1 h5 42.Rce1 f4+ 43.
Kg2 f3+ 44.Kf2 Rg7 45.Re6 Rxe6 46.Rxe6 Qd8 47.Qc2+ Kg8 48.Nxb7 Qc7 49.Nc5
Qxh2+ 0-1

[Event "XVI Cto Aragón Veteranos 2017 Grupo B"]
[Site ""]
[Date "2017.06.03"]
[Round "7"]
[White "Otal Bornau Jose Miguel"]
[Black "Burillo Lazaro Amelia"]
[Result "0-1"]
[WhiteElo "1493"]
[BlackElo "1387"]

1.e4 g6 2.d4 Bg7 3.Nc3 d6 4.Be3 Nd7 5.h4 c6 6.Qd2 e5 7.f3 h5 8.O-O-O a6 9.Nge2
b5 10.Ng3 Ne7 11.Nge2 Nb6 12.b3 b4 13.Nb1 a5 14.c4 bxc3 15.Nexc3 a4 16.b4 a3
17.d5 O-O 18.Bh6 Qc7 19.Bxg7 Kxg7 20.Qc2 c5 21.Nb5 Qd7 22.bxc5 dxc5 23.Qxc5
Na4 24.Qb4 Bb7 25.d6 Rfc8+ 26.Nc7 Ba6 27.Nc3 Qc6 28.Kc2 Nxc3 29.Qxc3 Qa4+ 30.
Kc1 Nc6 31.Rd2 Nd4 32.d7 Qxd7 33.Bxa6 Rxa6 34.Kd1 Rxc7 35.Qd3 Qa4+ 36.Ke1 Rc1+
37.Rd1 Rxd1+ 38.Qxd1 Qxd1+ 39.Kxd1 Rb6 40.Kd2 Rb2+ 41.Kc3 Rxa2 42.Rb1 Rc2+ 0-1

[Event "XVI Cto Aragón Veteranos 2017 Grupo B"]
[Site ""]
[Date "2017.06.10"]
[Round "8"]
[White "Sarto Ramos Angel"]
[Black "Martinez Crespo Juan"]
[Result "1/2-1/2"]
[WhiteElo "1869"]
[BlackElo "1707"]

1.d4 g6 2.Bf4 Bg7 3.Nf3 d6 4.Nc3 Nf6 5.h3 O-O 6.Qd2 Re8 7.O-O-O Nbd7 8.e4 Nh5
9.Bh2 c5 10.dxc5 Nxc5 11.e5 Bh8 12.g4 Ng7 13.exd6 exd6 14.Qxd6 Qa5 15.Qc7 Qxc7
16.Bxc7 Nge6 17.Be5 f6 18.Bd6 a6 19.Bc4 Kg7 20.Rhe1 Bd7 21.b4 Bc6 22.Ng1 b5
23.Bd5 Bxd5 24.Rxd5 Nb7 25.Bg3 Rad8 26.Red1 Kf7 27.Rd7+ Rxd7 28.Rxd7+ Re7 29.
Rxe7+ Kxe7 30.Nd5+ Kf7 31.Nc7 Nxc7 32.Bxc7 Ke6 33.Ne2 f5 34.Kd2 fxg4 1/2-1/2

[Event "XVI Cto Aragón Veteranos 2017 Grupo B"]
[Site ""]
[Date "2017.06.10"]
[Round "8"]
[White "Gonzalez Felez Jose Julian"]
[Black "Pellicer Sancho Rafael Jose"]
[Result "1-0"]
[WhiteElo "2009"]
[BlackElo "1705"]

1.b3 e5 2.Bb2 Nc6 3.e3 Nf6 4.Bb5 Bd6 5.Na3 a6 6.Bxc6 dxc6 7.Nc4 Qe7 8.Ne2 e4
9.Ng3 Bg4 10.f3 exf3 11.gxf3 Bh3 12.Nxd6+ Qxd6 13.Qe2 O-O-O 14.O-O-O Rhe8 15.
Rhg1 g6 16.Qf2 Kb8 17.Rge1 c5 18.Kb1 Qc6 19.e4 h5 20.d4 cxd4 21.Rxd4 Rxd4 22.
Qxd4 Nd7 23.Rd1 Nc5 24.Qg7 Qe6 25.Ne2 Nxe4 26.Nf4 Nc3+ 27.Bxc3 Qc6 28.Nxh3
Qxf3 29.Rd3 1-0

[Event "XVI Cto Aragón Veteranos 2017 Grupo B"]
[Site ""]
[Date "2017.06.10"]
[Round "8"]
[White "Brosa Soto Jesus"]
[Black "Orti Stock Carlos"]
[Result "1/2-1/2"]
[WhiteElo "1967"]
[BlackElo "1898"]

1.d4 c5 2.c3 b6 3.Bf4 Nf6 4.e3 d6 5.Nf3 g6 6.Nbd2 Bg7 7.Bd3 O-O 8.Qe2 a5 9.h3
Ba6 10.Bxa6 Nxa6 11.O-O Nc7 12.e4 Nd7 13.Rfd1 Qe8 14.e5 d5 15.Re1 Ne6 16.Be3
Qb8 17.Ng5 Nxg5 18.Bxg5 e6 19.Qb5 Qe8 20.Be3 c4 21.b3 cxb3 22.axb3 Qe7 23.c4
Rfd8 24.cxd5 exd5 25.Qxd5 Nxe5 26.Qe4 f5 27.Qb1 Nf7 28.Nc4 Qb7 29.Qb2 Rd5 30.
Red1 Rad8 31.Rd2 h6 32.Rad1 Kh7 33.Bf4 b5 34.Ne3 R5d7 35.Nc2 Qe4 36.Be3 f4 37.
f3 Qf5 38.Bf2 Ng5 39.Bh4 Rd5 40.Qc3 Rc8 41.Qb2 Nxf3+ 42.gxf3 Qxh3 43.Rh2 Qxf3
44.Rdd2 Qg4+ 45.Kh1 Qf3+ 46.Rdg2 Qf1+ 47.Rg1 Qf3+ 48.Rgg2 1/2-1/2

[Event "XVI Cto Aragón Veteranos 2017 Grupo B"]
[Site ""]
[Date "2017.06.10"]
[Round "8"]
[White "Hernandez Delgado Gabriel"]
[Black "Ruiz Gutierrez Jose Manuel"]
[Result "1/2-1/2"]
[WhiteElo "1874"]
[BlackElo "1698"]

1.Nf3 c5 2.c4 Nf6 3.Nc3 g6 4.b3 Bg7 5.Bb2 O-O 6.d4 cxd4 7.Qxd4 d6 8.g3 Nc6 9.
Qd2 Bf5 10.Bg2 Rb8 11.O-O Qa5 12.Rfd1 Rfd8 13.Nd5 Qxd2 14.Nxf6+ Bxf6 15.Rxd2
Bxb2 16.Rxb2 b5 17.cxb5 Rxb5 18.Rc1 Rc5 19.Rxc5 dxc5 20.Rd2 1/2-1/2

[Event "XVI Cto Aragón Veteranos 2017 Grupo B"]
[Site ""]
[Date "2017.06.10"]
[Round "8"]
[White "Lorente Latorre Antonio"]
[Black "Edeso Perez Francisco"]
[Result "0-1"]
[WhiteElo "1609"]
[BlackElo "1808"]

1.e4 c5 2.d4 cxd4 3.c3 d3 4.Bxd3 d6 5.Ne2 Nf6 6.O-O g6 7.Nd2 Bg7 8.Nf3 Nc6 9.
Ng3 O-O 10.h3 Bd7 11.Be3 h6 12.Qd2 Kh7 13.Nh2 Ne5 14.Be2 Rc8 15.b3 Bc6 16.f4
Ned7 17.Bd3 Nc5 18.Bxc5 dxc5 19.Rad1 Qc7 20.Nf3 b6 21.e5 Ng8 22.Qc2 Kh8 23.Nh4
Be8 24.Rde1 e6 25.Ne4 Qe7 26.g3 Rd8 27.Nd6 g5 28.Nxe8 Rfxe8 29.Ng2 Qd7 30.Rd1
Qc7 31.Qe2 gxf4 32.gxf4 f6 33.Nh4 Ne7 34.Qe4 f5 35.Qg2 Bxe5 36.Rf3 Bxc3 37.
Bxf5 Bd4+ 0-1

[Event "XVI Cto Aragón Veteranos 2017 Grupo B"]
[Site ""]
[Date "2017.06.10"]
[Round "8"]
[White "Garcia Artal Obdulio"]
[Black "Cortes Sobrevilla Cecilio"]
[Result "0-1"]
[WhiteElo "1646"]
[BlackElo "1570"]

1.e4 d6 2.Bc4 e6 3.d3 Nf6 4.Nf3 Be7 5.O-O O-O 6.Bg5 Nc6 7.a3 b6 8.Nc3 Bb7 9.h3
h6 10.Bf4 e5 11.Bh2 Nh7 12.Nd5 Kh8 13.Nxe7 Qxe7 14.Bd5 Nf6 15.Ba2 Bc8 16.Nd2
Bd7 17.f4 Nh7 18.f5 Nf6 19.c3 Rg8 20.Qe2 g6 21.fxg6 Rxg6 22.Kh1 Rag8 23.Rg1
Nd8 24.Raf1 Ne6 25.Nf3 Nh7 26.d4 Nf4 27.Bxf4 exf4 28.Qd2 Nf6 29.e5 Ne4 30.Qxf4
Ng3+ 31.Kh2 Nxf1+ 32.Rxf1 Rxg2+ 33.Kh1 R2g7 34.Bb1 Qe6 35.Ng1 Bc6+ 36.Kh2 Rg2+
0-1

[Event "XVI Cto Aragón Veteranos 2017 Grupo B"]
[Site ""]
[Date "2017.06.10"]
[Round "8"]
[White "Marin Fuertes Angel Maria"]
[Black "Lopez Carcas Jesus"]
[Result "1-0"]
[WhiteElo "1747"]
[BlackElo "1370"]

1.e4 c5 2.Nf3 d6 3.d4 cxd4 4.Nxd4 a6 5.Nc3 e5 6.Nb3 Nf6 7.f3 Be6 8.Be3 Be7 9.
Qd2 O-O 10.O-O-O h6 11.g4 Nh7 12.Kb1 b6 13.Qf2 Nd7 14.h4 f6 15.Be2 b5 16.f4
Qc8 17.Qg3 Qc7 18.g5 fxg5 19.hxg5 exf4 20.Bxf4 Rxf4 21.Qxf4 Rf8 22.Qg3 Nxg5
23.Nd4 Bf7 24.Nf5 Ne5 25.Qg2 Re8 26.Nd5 Bxd5 27.exd5 Bf6 28.Rdf1 Nef7 29.Bh5
Qc5 30.Nxh6+ Kf8 31.Nxf7 Nxf7 32.Bxf7 Kxf7 33.Qf3 b4 34.Re1 Re5 35.Rxe5 dxe5
36.Qe4 Ke7 37.Rd1 Kd6 38.Qf5 Qc7 39.Qe6+ Kc5 40.b3 a5 41.d6 Qd8 42.Rd5+ Kb6
43.d7+ Kc7 44.Rc5+ Kb7 45.Qc6+ Ka7 46.Rb5 1-0